000 00547nam a2200205Ia 4500
001 b7043-51166
003 IT-MiCISF
008 161014s9999||||xx |||||||||||||| ||und||
040 _aIT-MiCISF
_cIT-MiCISF
041 _ait
100 _aRisé Claudio
245 0 _aEssere uomini
_bLa virilità in un mondo femminilizzato
250 _a1a ed.
260 _a Como
_bRed
_c2000
300 _app. 133
500 _a / uomo, identità-maschile, società, cultura, psicoanalisi /
650 _auomo
942 _cBK
957 _71
999 _a51166
_bsi
_g1
_c209939
_d209939